| Tag |
First Indicator |
Second Indicator |
Subfields |
| LEADER |
00000cam a2200000 4500 |
| 001 |
in00000054209 |
| 005 |
20151008051434.0 |
| 008 |
720121c19661931ctu b 00000 eng u |
| 010 |
|
|
|a 66023448
|
| 035 |
|
|
|a (OCoLC)00224985
|
| 035 |
|
|
|9 AAG7900AM
|
| 040 |
|
|
|c HEI
|d TXA
|d UtOrBLW
|
| 041 |
1 |
|
|a eng
|a und
|
| 049 |
|
|
|a TXAM
|c [474364]
|
| 050 |
|
0 |
|a HF442.F7
|b S745 1966
|
| 092 |
|
|
|a 332
|b S917j
|
| 100 |
1 |
|
|a Strieder, Jacob,
|d 1877-1936.
|
| 245 |
1 |
0 |
|a Jacob Fugger the Rich :
|b merchant and banker of Augsburg, 1459-1525 /
|c Translated by Milred L. Hartsough. Edited by N.S.B. Gras.
|
| 264 |
|
1 |
|a [Hamden, Conn.] :
|b Archon Books,
|c 1966
|
| 264 |
|
4 |
|c [©1931]
|
| 300 |
|
|
|a xxvi, 227 pages :
|b illustrations, genealogical table, portrait ;
|c 22 cm.
|
| 336 |
|
|
|a text
|b txt
|2 rdacontent
|
| 337 |
|
|
|a unmediated
|b n
|2 rdamedia
|
| 338 |
|
|
|a volume
|b nc
|2 rdacarrier
|
| 504 |
|
|
|a Bibliography: pages 221-222.
|
| 600 |
1 |
0 |
|a Fugger, Jakob,
|d 1459-1525.
|
| 650 |
|
0 |
|a Banks and banking
|z Germany
|x History.
|
| 999 |
|
|
|a MARS
|
| 999 |
f |
f |
|s 9f6c8778-c826-3d42-a2d5-1174916c1de9
|i 50a238d0-58ef-3b40-a054-2d8a6fc3a614
|t 0
|
| 952 |
f |
f |
|p ric
|a Texas A&M University
|b Rellis Campus
|c Joint Library Facility
|d Remote Storage
|t 0
|e HF442.F7 S745 1966
|h Library of Congress classification
|i unmediated -- volume
|m A14800727049
|
| 998 |
f |
f |
|a HF442.F7 S745 1966
|t 0
|l Remote Storage
|